Statistiques concernant Culture Générale - Série 1929

Cliquez ici pour prendre le quiz!

Statistiques générales

  • Ce quiz a été pris 68 fois
  • Le résultat moyen est 3 sur 10

Statistiques - réponses

QuestionRéponse% Correct
Si l'on retire une lettre au chapon, l'on obtient un vieux peureuxcapon
73%
Dans quel sport s'est illustré Arthur Ashe (1943-1993) ?tennis
70%
Dans quelle série à succès de Netlix entend-on la bande originale de l'hymne italien antifasciste "bella ciao" ?la casa de papel
61%
De quel pays Bandar Seri Begawan est-il la capitale ? voir photoBrunei
48%
Quel anglicisme désigne un revêtement adhésif fixé sur les raquettes de sport, pour assurer une meilleure prise en main ?grip
36%
Dans le film "La vie est un long fleuve tranquille", quel acteur incarne Maurice, alias "Momo" ?Benoît Magimel
30%
Quel mot synonyme de "caste, chapelle" signifie " association entre certains groupes d’individus unis par un intérêt commun qui favorisent ceux qui font partie de leur compagnie et cabalent contre ceux qui n’en sont pas." ?coterie
6%
Dans la mythologie grecque, quelle est la muse de l'astronomie ?Uranie
6%
En informatique, quel anglicisme désigne la plus petite unité de stockage d'un système de fichiers (utilisé sur une partition d'un disque dur) ?cluster
3%
Dans l'Egypte antique, comment appelait-on le temple dédié au culte de Sérapis et aux sépultures des taureaux sacrés, incarnations du dieu Apis ?sérapéum
3%

Distribution des résultats

Percentile par nombre de réponses

% des personnes avec chaque résultat

Votre développement - résultats

Vous n’avez pas pris ce quiz